Právne prostriedky ochrany obetí domáceho násilia

Analýza právnych prostriedkov, ktoré majú obete domáceho násilia možnosť využiť a to v rôznych oblastiach práva najmä správneho, civilného a trestného práva, pričom poukazuje na dôležitosť týchto prostriedkov v kontexte efektívnej prevencie pred domácim násilím. Ďalej vo vedeckom príspevku poukazuje...

Descrizione completa

Salvato in:
Dettagli Bibliografici
Autore principale: Hamranová, Denisa
Natura: Capitolo di libro
Lingua:slovacco
Soggetti:
Tags: Aggiungi Tag
Nessun Tag, puoi essere il primo ad aggiungerne!!

MARC

LEADER 00000naa a2200000 4500
001 0290647
005 20250514130338.2
041 0 |a slo 
044 |a SK 
245 1 0 |a Právne prostriedky ochrany obetí domáceho násilia  |c Denisa Hamranová 
520 |a Analýza právnych prostriedkov, ktoré majú obete domáceho násilia možnosť využiť a to v rôznych oblastiach práva najmä správneho, civilného a trestného práva, pričom poukazuje na dôležitosť týchto prostriedkov v kontexte efektívnej prevencie pred domácim násilím. Ďalej vo vedeckom príspevku poukazuje aj na posledné novelizačné zmeny zákonov, ktoré nastali v roku 2020 s dôrazom na inštitút vykázania z obydlia. V časti obsahu vedeckého príspevku poukazuje aj na postup policajných orgánov v kontexte rozsudkov Európskeho súdu pre ľudské práva, pričom sa zameriava na nedostatky v postupe policajných orgánov, ktoré môžu nasta v prípade nedostatočného podchytenia prvých náznakov domáceho násilia. 
610 2 0 |a právo trestné 
610 2 0 |a činy trestné 
610 2 0 |a agresia 
610 2 0 |a práva ľudské 
610 2 0 |a prevencia 
610 2 0 |a opatrenia 
610 2 0 |a násilie domáce 
100 1 |a Hamranová, Denisa